Finančná analýza termálneho kúpaliska Podhájska diplomová práca

Saved in:
Bibliographic Details
Main Author: Tamaškovičová, Ivana
Corporate Author: Obchodná fakulta EU. Katedra služieb a cestovného ruchu - zrušené
Other Authors: Strážovská, Helena
Format: Book
Language:Slovak
Published: Bratislava 2015
Tags: Add Tag
No Tags, Be the first to tag this record!

MARC

LEADER 00000nbm a2200000 4500
001 0201489
005 20161212104305.3
041 0 |a slo 
044 |a SK 
245 1 0 |a Finančná analýza termálneho kúpaliska Podhájska  |b diplomová práca  |c Ivana Tamaškovičová ; školiteľ: Helena Strážovská 
264 1 |a Bratislava  |c 2015 
300 |a 76 s. 
100 1 |a Tamaškovičová, Ivana 
700 1 |a Strážovská, Helena 
710 2 |a Obchodná fakulta EU. Katedra služieb a cestovného ruchu - zrušené